| 000 | 00366cam a2200145ua 4500 | ||
|---|---|---|---|
| 041 |
_aeng _h |
||
| 082 |
_a823.308 _bHIL/GO |
||
| 100 | _aHilton, James. | ||
| 245 |
_aGood bye Mr.Chips / _cJames Hilton. _hTextual Documents |
||
| 260 |
_aLondon : _bUniversity of London Press Ltd , _c1959. |
||
| 300 | _a126 ; . | ||
| 504 | _a | ||
| 942 | _cBK | ||
| 999 |
_c12425 _d12425 |
||